Mitglieder des Heiligen Römischen Reiches - Sudden Death - Statistiken

Allgemein
  • Dieses Quiz wurde 300 mal gespielt
  • Das Durchschnittsergebnis liegt bei 4 aus 21
Answers on the Grid
Answers color-coded by a green-red scale on the quiz's grid according to % correct below.
Arminier
Belgien
Berg
Böhmen
Brandenburg
Burgund
Cannes
Deutscher Orden
Friesland
Genua
Hamburg-Bremen
Hohenzollern-Sigmaringen
Holland
Ingolstadt
Jülich
Köln
Lausitz
Lohr
Luxemburg
Magdeburg
Mailand
Mark
Metz
Monaco
Österreich
Paderborn
Polen
Posen
Schleswig-Holstein
Stein
Sundgau
Teutoburger
Trier
Vaduz
Venedig
Völklingen
Waldburg
Westfranken
Wittelsbach-München
Zugspitze
 
Antwortstatistiken
Antwort % Korrekt
Böhmen
63%
Brandenburg
46%
Berg
39%
Burgund
37%
Friesland
26%
Genua
23%
Österreich
23%
Köln
19%
Luxemburg
19%
Holland
18%
Mailand
18%
Trier
15%
Hohenzollern-Sigmaringen
13%
Magdeburg
10%
Mark
9%
Lausitz
8%
Paderborn
8%
Metz
5%
Vaduz
4%
Waldburg
4%
Sundgau
1%
Keine übereinstimmenden Quizze gefunden
Verteilung der Resultate
Anzahl Personen mit jedem Resultat
Perzentil nach korrekt beantworteten Fragen
Ihre Resultats-Entwicklung
Sie haben dieses Quiz noch nicht gespielt